| 000 | 00593nam a22002297a 4500 | ||
|---|---|---|---|
| 003 | OSt | ||
| 005 | 20140310181711.0 | ||
| 008 | 121208t xxu||||| |||| 00| 0 eng d | ||
| 020 | _a9716300050 | ||
| 050 |
_bDS 675.8 _a.M491 1992 |
||
| 082 |
_aFIL 920.B641 _bM468 1992 |
||
| 245 |
_aAndres Bonifacio / _cIsagani R. Medina |
||
| 260 |
_aMakati, Metro Manila : _bTahanan Books for Young Readers, _cc1992. |
||
| 300 |
_a31 p. _bill. ; _c24 cm. |
||
| 521 | _a | ||
| 541 | _j1 | ||
| 541 | _j2 | ||
| 541 | _j3 | ||
| 541 | _j4 | ||
| 562 | _e4 | ||
| 942 |
_2lcc _cBK-FIL _kFIL |
||
| 999 |
_c1560 _d1560 |
||